[Event "4. Open Ciudad de Huesca"]
[Site "Huesca ESP"]
[Date "2011.06.20"]
[Round "1.1"]
[White "Vidaller De Pedro, Leon"]
[Black "Lana Rodriguez, David"]
[Result "0-1"]
[WhiteElo "1635"]
[BlackElo "2218"]
[PlyCount "120"]
[EventDate "2011.06.20"]
[EventType "swiss"]
[EventRounds "6"]
[EventCountry "ESP"]
[Source "lmi"]
[SourceDate "2011.06.20"]

1. e4 e6 2. d4 d5 3. exd5 exd5 4. Nf3 Bd6 5. Bd3 Ne7 6. c3 Bf5 7. O-O O-O 8.
Re1 Nbc6 9. Bg5 f6 10. Bh4 Bxd3 11. Qxd3 Qd7 12. Nbd2 Nf5 13. Re2 Rae8 14. Rae1
Rxe2 15. Qxe2 Bf4 16. Bg3 Bxg3 17. hxg3 Nd6 18. Qe6+ Qxe6 19. Rxe6 Kf7 20. Re2
b6 21. Ne1 Nd8 22. Nd3 c6 23. b3 Nb5 24. Nb1 Ne6 25. Nf4 Nxf4 26. gxf4 c5 27.
a4 Nc7 28. dxc5 bxc5 29. b4 Rb8 30. Rb2 a5 31. b5 Na8 32. Nd2 Nb6 33. Ra2 c4
34. f3 Re8 35. Kf2 Nd7 36. Nb1 Nc5 37. g3 Nd3+ 38. Kg2 Re1 39. Na3 Ke6 40. b6
Kd7 41. Nb5 Kc6 42. Nc7 Kxb6 43. Nb5 Rc1 44. Re2 Rc2 45. Rxc2 Ne1+ 46. Kf2 Nxc2
47. Ke2 Kc5 48. Kd2 Na1 49. f5 Nb3+ 50. Kc2 d4 51. Nc7 d3+ 52. Kd1 Kd6 53. Ne8+
Ke5 54. Nxg7 Nc5 55. f4+ Ke4 56. g4 Ke3 57. g5 Nxa4 58. gxf6 Nxc3+ 59. Kc1 d2+
60. Kb2 d1=Q 0-1

[Event "4. Open Ciudad de Huesca"]
[Site "Huesca ESP"]
[Date "2011.06.20"]
[Round "1.2"]
[White "Accattato Martin, Mario"]
[Black "Carrasquer Alonso, Fernando"]
[Result "1-0"]
[WhiteElo "2193"]
[BlackElo "1605"]
[PlyCount "47"]
[EventDate "2011.06.20"]
[EventType "swiss"]
[EventRounds "6"]
[EventCountry "ESP"]
[Source "lmi"]
[SourceDate "2011.06.20"]

1. e4 e5 2. Nf3 d6 3. d4 Nd7 4. Bc4 Be7 5. dxe5 Nxe5 6. Nxe5 dxe5 7. Qh5 g6 8.
Qxe5 f6 9. Qb5+ Qd7 10. Qb3 Kf8 11. Bxg8 Rxg8 12. Bh6+ Rg7 13. O-O Qe6 14. Qxe6
Bxe6 15. Nc3 Kf7 16. Bxg7 Kxg7 17. Rad1 c6 18. a3 Kf7 19. h3 g5 20. Ne2 Rg8 21.
Nd4 Bc4 22. Rfe1 g4 23. Nf5 Bc5 24. Nh6+ 1-0

[Event "4. Open Ciudad de Huesca"]
[Site "Huesca ESP"]
[Date "2011.06.20"]
[Round "1.3"]
[White "Lasierra Cristobal, Jesus Carlo"]
[Black "Roche Simon, Manuel A"]
[Result "0-1"]
[WhiteElo "1582"]
[BlackElo "2163"]
[PlyCount "54"]
[EventDate "2011.06.20"]
[EventType "swiss"]
[EventRounds "6"]
[EventCountry "ESP"]
[Source "lmi"]
[SourceDate "2011.06.20"]

1. d4 d5 2. Nf3 c5 3. e3 Nc6 4. c3 e6 5. Bd3 f5 6. dxc5 Bxc5 7. Nbd2 Nf6 8. Nd4
O-O 9. N2f3 Bd6 10. h3 e5 11. Nxc6 bxc6 12. Bc2 Bc7 13. Qe2 Qd6 14. Bd2 a5 15.
O-O-O Ba6 16. Bd3 Bxd3 17. Qxd3 e4 18. Qe2 exf3 19. gxf3 c5 20. Rhg1 Rab8 21.
c4 d4 22. Bc3 Qe6 23. Be1 Rfd8 24. Qc2 dxe3 25. fxe3 Rxd1+ 26. Qxd1 Qxe3+ 27.
Bd2 Qd4 0-1

[Event "4. Open Ciudad de Huesca"]
[Site "Huesca ESP"]
[Date "2011.06.20"]
[Round "1.4"]
[White "Salamero Pelay, Fernando J"]
[Black "Escarabajal Escuer, Jose Luis"]
[Result "1-0"]
[WhiteElo "2134"]
[BlackElo "1567"]
[PlyCount "55"]
[EventDate "2011.06.20"]
[EventType "swiss"]
[EventRounds "6"]
[EventCountry "ESP"]
[Source "lmi"]
[SourceDate "2011.06.20"]

1. e4 d6 2. d4 Nf6 3. Nc3 g6 4. Be2 Bg7 5. h4 h5 6. Nf3 Bg4 7. Ng5 Bxe2 8. Qxe2
Nh7 9. Nxh7 Rxh7 10. Qb5+ Nd7 11. Qxb7 Qb8 12. Qc6 Kd8 13. Nd5 Bxd4 14. Nxc7
Ne5 15. Qxa8 Qxa8 16. Nxa8 Kc8 17. Rh3 Ng4 18. f4 Kb7 19. Rf3 f5 20. exf5 gxf5
21. Bd2 Kxa8 22. Bc3 Bxc3+ 23. Rxc3 e5 24. O-O-O exf4 25. Rxd6 Ne3 26. Rb3 Rh8
27. Rg6 Rd8 28. Rd3 1-0

[Event "4. Open Ciudad de Huesca"]
[Site "Huesca ESP"]
[Date "2011.06.20"]
[Round "1.5"]
[White "Ereza Vizcarra, Fernando"]
[Black "Horton, Justin"]
[Result "0-1"]
[WhiteElo "1467"]
[BlackElo "2106"]
[PlyCount "52"]
[EventDate "2011.06.20"]
[EventType "swiss"]
[EventRounds "6"]
[EventCountry "ESP"]
[Source "lmi"]
[SourceDate "2011.06.20"]

1. e4 e5 2. Nf3 Nc6 3. Bc4 Bc5 4. d3 Nf6 5. Bg5 h6 6. Bxf6 Qxf6 7. Nc3 d6 8.
Nd5 Qd8 9. c3 a6 10. d4 Ba7 11. h3 O-O 12. O-O Be6 13. dxe5 Nxe5 14. Nxe5 dxe5
15. Kh1 Qh4 16. Qf3 c6 17. Ne3 Bxe3 18. Bxe6 Bxf2 19. Bxf7+ Rxf7 20. Qd3 Raf8
21. Qc4 Qf6 22. Rad1 b5 23. Qb3 Kh7 24. Rd2 Qg6 25. Re2 Bb6 26. Rxf7 Rxf7 0-1

[Event "4. Open Ciudad de Huesca"]
[Site "Huesca ESP"]
[Date "2011.06.27"]
[Round "2.1"]
[White "Lana Rodriguez, David"]
[Black "Bellosta Lopez, Pablo"]
[Result "1-0"]
[WhiteElo "2218"]
[BlackElo "1984"]
[PlyCount "107"]
[EventDate "2011.06.20"]
[EventType "swiss"]
[EventRounds "6"]
[EventCountry "ESP"]
[Source "lmi"]
[SourceDate "2011.06.20"]

1. d4 d5 2. c4 e6 3. Nc3 c6 4. e4 Bb4 5. e5 dxc4 6. Qg4 Ne7 7. Bxc4 c5 8. a3
Qxd4 9. Qxd4 cxd4 10. axb4 dxc3 11. bxc3 Ng6 12. f4 Bd7 13. Ne2 O-O 14. Be3 b6
15. b5 Rc8 16. Bd3 Ne7 17. Bxb6 Nd5 18. Bd4 f5 19. exf6 gxf6 20. c4 Nb4 21. Be4
f5 22. Bxa8 Nc2+ 23. Kf2 Nxa1 24. Rxa1 Rxc4 25. Rxa7 Bxb5 26. Rg7+ Kf8 27. Rb7
Nc6 28. Bg7+ Kg8 29. Rxb5 Kxg7 30. Rb7+ Kg6 31. Rc7 Ne5 32. Ra7 Ng4+ 33. Kg3
Kf6 34. Rxh7 e5 35. fxe5+ Nxe5 36. h3 Ng6 37. Ra7 Rc2 38. Ra6+ Kg5 39. Nd4 f4+
40. Kh2 Rb2 41. Ne6+ Kf6 42. Nd4+ Kg5 43. Nf3+ Kf5 44. Be4+ Kxe4 45. Rxg6 Kf5
46. Rg5+ Kf6 47. Ra5 Rb4 48. h4 Kg6 49. Kh3 Kh6 50. Kg4 Rc4 51. Rf5 Rc2 52.
Rh5+ Kg7 53. Rg5+ Kh6 54. Kxf4 1-0

[Event "4. Open Ciudad de Huesca"]
[Site "Huesca ESP"]
[Date "2011.06.27"]
[Round "2.2"]
[White "Roche Simon, Manuel A"]
[Black "Perez Puyal, Jose Joaquin"]
[Result "1-0"]
[WhiteElo "2163"]
[BlackElo "1974"]
[PlyCount "105"]
[EventDate "2011.06.20"]
[EventType "swiss"]
[EventRounds "6"]
[EventCountry "ESP"]
[Source "lmi"]
[SourceDate "2011.06.20"]

1. e4 d5 2. exd5 Qxd5 3. Nc3 Qa5 4. d4 e5 5. Nf3 exd4 6. Qxd4 Nc6 7. Bb5 Bd7 8.
Qe4+ Nge7 9. O-O O-O-O 10. a3 Ng6 11. Be3 Re8 12. Qd3 Nce5 13. Bxd7+ Nxd7 14.
b4 Qh5 15. h3 Nde5 16. Nxe5 Qxe5 17. Bd4 Qf4 18. g3 Qh6 19. Qf5+ Kb8 20. Nb5
Bd6 21. Bxa7+ Ka8 22. Nxd6 Re5 23. Nxf7 Rxf5 24. Nxh6 gxh6 25. Be3 Rg8 26. Rad1
Ne5 27. Kg2 Nf3 28. Rd7 Nh4+ 29. Kh2 Nf3+ 30. Kh1 Kb8 31. Rfd1 b6 32. Rxh7 Ng5
33. Rxh6 Ne4 34. Kg2 Rgf8 35. Rf1 Nc3 36. Bf4 Nd5 37. Bd2 Rd8 38. c4 Nf6 39.
Bc3 Ne4 40. Rh8 Rxh8 41. Bxh8 Nd2 42. Rc1 c5 43. Rc2 Ne4 44. f4 Rf8 45. Be5+
Kb7 46. h4 Rd8 47. h5 Rd3 48. f5 Rxa3 49. bxc5 Nxc5 50. h6 Nd3 51. Re2 Nc1 52.
h7 Ra8 53. Rc2 1-0

[Event "4. Open Ciudad de Huesca"]
[Site "Huesca ESP"]
[Date "2011.06.27"]
[Round "2.3"]
[White "Avellanas Tomas, Jose"]
[Black "Salamero Pelay, Fernando J"]
[Result "1/2-1/2"]
[WhiteElo "1887"]
[BlackElo "2134"]
[PlyCount "134"]
[EventDate "2011.06.20"]
[EventType "swiss"]
[EventRounds "6"]
[EventCountry "ESP"]
[Source "lmi"]
[SourceDate "2011.06.20"]

1. d4 e6 2. c4 Nf6 3. Nc3 c5 4. d5 exd5 5. cxd5 d6 6. e4 g6 7. Bd3 Bg7 8. f4
O-O 9. Nf3 b5 10. O-O b4 11. Nb1 c4 12. Bc2 Qb6+ 13. Kh1 Re8 14. Nbd2 Qc5 15.
e5 Nxd5 16. Ne4 Qa5 17. Nxd6 Rd8 18. Be4 Rxd6 19. exd6 Bb7 20. Ne5 c3 21. Qb3
Na6 22. Bf3 Qb5 23. Rd1 Nc5 24. Qc2 cxb2 25. Qxb2 Nc3 26. Re1 Bxf3 27. gxf3
Bxe5 28. fxe5 Nd3 29. Qd2 Nxe5 30. Qg5 Nxf3 31. Qxb5 Nxb5 32. Re3 Nfd4 33. Bb2
Nf5 34. Rd3 Nfxd6 35. Rad1 Ne8 36. Rd8 Rxd8 37. Rxd8 Kf8 38. Rb8 Nbc7 39. Be5
Ke7 40. Rb7 Kd7 41. Rxa7 Kc6 42. Kg2 f6 43. Bxc7 Nxc7 44. Ra4 Kb5 45. Ra7 Kb6
46. Ra4 Nd5 47. Ra8 Nc3 48. Kf3 Kc5 49. Ke3 h5 50. Kd3 g5 51. a3 Nd5 52. Ra5+
Kd6 53. Kd4 Ne7 54. Ra6+ Nc6+ 55. Kc4 bxa3 56. Kb5 a2 57. Rxc6+ Ke5 58. Ra6 f5
59. Rxa2 f4 60. Kc4 Ke4 61. Re2+ Kf3 62. Re5 g4 63. Rxh5 g3 64. hxg3 fxg3 65.
Kd3 g2 66. Rg5 Kf2 67. Rf5+ Ke1 1/2-1/2

[Event "4. Open Ciudad de Huesca"]
[Site "Huesca ESP"]
[Date "2011.06.27"]
[Round "2.4"]
[White "Horton, Justin"]
[Black "Gomez Zazurca, Rodolfo"]
[Result "1-0"]
[WhiteElo "2106"]
[BlackElo "1829"]
[PlyCount "73"]
[EventDate "2011.06.20"]
[EventType "swiss"]
[EventRounds "6"]
[EventCountry "ESP"]
[Source "lmi"]
[SourceDate "2011.06.20"]

1. d4 d5 2. Nf3 c6 3. c4 Nf6 4. Nc3 e6 5. e3 Nbd7 6. Bd3 dxc4 7. Bxc4 b5 8. Bd3
Bb7 9. e4 b4 10. Na4 c5 11. e5 Nd5 12. O-O Rc8 13. dxc5 Nxc5 14. Nxc5 Bxc5 15.
Bd2 O-O 16. Bxh7+ Kxh7 17. Ng5+ Kg6 18. Qc2+ f5 19. exf6+ Kxf6 20. Ne4+ Kf7 21.
Nxc5 Qb6 22. Rac1 Ba6 23. Rfe1 Rc6 24. Qe4 Kg8 25. Qd4 Rfc8 26. Nb3 Rxc1 27.
Rxc1 Rxc1+ 28. Bxc1 Qb5 29. h3 Qe2 30. Be3 Qf1+ 31. Kh2 Bb7 32. Qe4 Nf4 33.
Qxb7 Ne2 34. Qa8+ Kf7 35. f3 Qe1 36. Qxa7+ Kg8 37. Bf2 1-0

[Event "4. Open Ciudad de Huesca"]
[Site "Huesca ESP"]
[Date "2011.06.27"]
[Round "2.5"]
[White "Yañez Acin, Gonzalo"]
[Black "Maza Broto, Pablo"]
[Result "0-1"]
[WhiteElo "1826"]
[BlackElo "2096"]
[PlyCount "96"]
[EventDate "2011.06.20"]
[EventType "swiss"]
[EventRounds "6"]
[EventCountry "ESP"]
[Source "lmi"]
[SourceDate "2011.06.20"]

1. e4 c5 2. Nf3 e6 3. d4 cxd4 4. Nxd4 a6 5. Bd3 Qc7 6. O-O Nf6 7. Kh1 b5 8. Bg5
Qe5 9. Be3 Nxe4 10. f4 Ng3+ 11. hxg3 Qxe3 12. Qf3 Qxf3 13. Nxf3 Bb7 14. Nbd2
Be7 15. c3 O-O 16. Rfe1 Nc6 17. Rad1 d5 18. Nb3 Bf6 19. g4 g6 20. g5 Bg7 21.
Nc5 Bc8 22. Kh2 Rd8 23. Ne5 Nxe5 24. fxe5 Bf8 25. Nb3 Be7 26. Nd4 Bxg5 27. Rf1
Bd7 28. Rf3 f6 29. Re1 Rf8 30. exf6 Rae8 31. f7+ Rxf7 32. Rxf7 Kxf7 33. Nf3 Bf6
34. Bc2 e5 35. Bb3 Ke6 36. g4 e4 37. g5 Be5+ 38. Nxe5 Kxe5 39. Rd1 Be6 40. Kg3
Rf8 41. Rh1 Rf3+ 42. Kg2 Bg8 43. a4 b4 44. Rc1 Kf4 45. Bd1 Rg3+ 46. Kh2 bxc3
47. Rxc3 Rxc3 48. bxc3 a5 0-1

[Event "4. Open Ciudad de Huesca"]
[Site "Huesca ESP"]
[Date "2011.06.27"]
[Round "2.6"]
[White "Gonzalez Gambau, Jorge"]
[Black "Mancho Fondevila, Jorge"]
[Result "1-0"]
[WhiteElo "2069"]
[BlackElo "1809"]
[PlyCount "63"]
[EventDate "2011.06.20"]
[EventType "swiss"]
[EventRounds "6"]
[EventCountry "ESP"]
[Source "lmi"]
[SourceDate "2011.06.20"]

1. e4 d6 2. d4 Nf6 3. Nc3 e5 4. Nf3 Nbd7 5. Bc4 Be7 6. O-O O-O 7. a4 a6 8. Ba2
b6 9. Qe2 c6 10. Rd1 Qc7 11. Nh4 exd4 12. Rxd4 Ne5 13. Bf4 b5 14. axb5 axb5 15.
Bxf7+ Kxf7 16. Rxa8 Re8 17. Ra1 Qb6 18. Bxe5 dxe5 19. Rd2 Ng4 20. Nf5 Bxf5 21.
exf5 Nf6 22. Ne4 Kg8 23. Nxf6+ Bxf6 24. Qe4 Qb7 25. Rd6 Ra8 26. Rxa8+ Qxa8 27.
g3 Qa1+ 28. Kg2 Qxb2 29. Qxc6 h6 30. Qe8+ Kh7 31. Qg6+ Kg8 32. Rxf6 1-0

[Event "4. Open Ciudad de Huesca"]
[Site "Huesca ESP"]
[Date "2011.06.27"]
[Round "2.7"]
[White "Uldemolins Nivela, Mateo"]
[Black "Cobo Garrido, Diego Israel"]
[Result "1/2-1/2"]
[WhiteElo "1798"]
[BlackElo "2043"]
[PlyCount "51"]
[EventDate "2011.06.20"]
[EventType "swiss"]
[EventRounds "6"]
[EventCountry "ESP"]
[Source "lmi"]
[SourceDate "2011.06.20"]

1. e4 e5 2. Nf3 Nc6 3. Bc4 Bc5 4. d3 Nf6 5. Nc3 d6 6. h3 Na5 7. Bb3 Nxb3 8.
axb3 a6 9. O-O O-O 10. Bg5 c6 11. Be3 Bxe3 12. fxe3 Qe7 13. Qe1 c5 14. Qh4 Bd7
15. Rf2 Rae8 16. Raf1 h6 17. Kh1 Nh7 18. Qg3 Be6 19. Nh4 Qg5 20. Qxg5 Nxg5 21.
Nf5 Bxf5 22. exf5 f6 23. e4 Rc8 24. Nd5 Kf7 25. h4 Nh7 26. g4 1/2-1/2

[Event "4. Open Ciudad de Huesca"]
[Site "Huesca ESP"]
[Date "2011.06.27"]
[Round "2.8"]
[White "Palomar Ramon, Santiago"]
[Black "Tierno Hernandez, Roberto"]
[Result "1-0"]
[WhiteElo "2039"]
[BlackElo "1733"]
[PlyCount "85"]
[EventDate "2011.06.20"]
[EventType "swiss"]
[EventRounds "6"]
[EventCountry "ESP"]
[Source "lmi"]
[SourceDate "2011.06.20"]

1. e4 e5 2. Nc3 Nf6 3. a3 Bc5 4. Bc4 Nc6 5. d3 h6 6. Nf3 Qe7 7. O-O d6 8. Be3
Bxe3 9. fxe3 Bg4 10. Qe1 O-O-O 11. b4 Qd7 12. Nd2 h5 13. Nd5 Rh6 14. Qh4 Nxd5
15. exd5 Ne7 16. Rxf7 Nf5 17. Rxd7 Nxh4 18. Rxd8+ Kxd8 19. h3 Bd7 20. Kh2 Rg6
21. Rg1 Nf5 22. Nf1 Rf6 23. g3 g5 24. c3 Nh6 25. d4 Rf2+ 26. Rg2 Rxg2+ 27. Kxg2
e4 28. Bb3 g4 29. h4 Nf5 30. Bc2 Bb5 31. Bxe4 Bxf1+ 32. Kf2 Nxg3 33. Kxg3 Bb5
34. Bg6 Be8 35. Bxe8 Kxe8 36. c4 Ke7 37. a4 Kf6 38. Kf4 c6 39. a5 Ke7 40. b5
Kd7 41. e4 Ke7 42. b6 axb6 43. dxc6 1-0

[Event "4. Open Ciudad de Huesca"]
[Site "Huesca ESP"]
[Date "2011.06.27"]
[Round "2.9"]
[White "Belenguer Randet, Jesus"]
[Black "Dominguez Luzon, Fernando"]
[Result "0-1"]
[WhiteElo "1703"]
[BlackElo "2011"]
[PlyCount "48"]
[EventDate "2011.06.20"]
[EventType "swiss"]
[EventRounds "6"]
[EventCountry "ESP"]
[Source "lmi"]
[SourceDate "2011.06.20"]

1. d4 Nf6 2. Nf3 e6 3. e3 c5 4. Bd3 b6 5. Nbd2 Bb7 6. Qe2 d5 7. c3 Be7 8. dxc5
Bxc5 9. e4 dxe4 10. Nxe4 Nxe4 11. Bxe4 Bxe4 12. Qxe4 Nd7 13. Bf4 O-O 14. Rd1
Nf6 15. Qc2 Qc8 16. O-O h6 17. Rd2 Rd8 18. Rfd1 Rxd2 19. Qxd2 Ne4 20. Qd7 Nxf2
21. Kf1 Nxd1 22. Qxd1 Be7 23. Ne5 Bf6 24. Nd7 Qc4+ 0-1

[Event "4. Open Ciudad de Huesca"]
[Site "Huesca ESP"]
[Date "2011.07.04"]
[Round "3.1"]
[White "Palomar Ramon, Santiago"]
[Black "Lana Rodriguez, David"]
[Result "0-1"]
[WhiteElo "2039"]
[BlackElo "2218"]
[PlyCount "104"]
[EventDate "2011.06.20"]
[EventType "swiss"]
[EventRounds "6"]
[EventCountry "ESP"]
[Source "lmi"]
[SourceDate "2011.06.20"]

1. e4 e6 2. d4 d5 3. Nc3 Bb4 4. e5 c5 5. Bd2 Ne7 6. a3 Bxc3 7. Bxc3 cxd4 8.
Bxd4 Nbc6 9. c3 O-O 10. Bd3 Nxd4 11. cxd4 f6 12. Nf3 Qb6 13. b4 Bd7 14. O-O
Rac8 15. Qd2 Be8 16. Rac1 Bh5 17. exf6 gxf6 18. Qh6 Bg6 19. Bxg6 Nxg6 20. Rxc8
Rxc8 21. Rc1 Rxc1+ 22. Qxc1 Qc6 23. Qxc6 bxc6 24. g3 Kf7 25. Kf1 Ke7 26. Ke2
Kd7 27. Kd2 Ne7 28. g4 h6 29. Nh4 Nc8 30. f3 Nd6 31. a4 Nc4+ 32. Kc3 Ne3 33. h3
Nd1+ 34. Kd2 Nb2 35. a5 Ke7 36. f4 Kf7 37. Ng2 Nc4+ 38. Ke2 Nd6 39. Ne1 Ne4 40.
Nd3 Ke7 41. Nc5 Nxc5 42. bxc5 e5 43. fxe5 fxe5 44. h4 exd4 45. Kd3 Kf6 46. Kxd4
a6 47. Kd3 Ke5 48. Ke3 d4+ 49. Kd3 Kf4 50. g5 hxg5 51. h5 Kf5 52. Kxd4 g4 0-1

[Event "4. Open Ciudad de Huesca"]
[Site "Huesca ESP"]
[Date "2011.07.04"]
[Round "3.2"]
[White "Dominguez Luzon, Fernando"]
[Black "Roche Simon, Manuel A"]
[Result "0-1"]
[WhiteElo "2011"]
[BlackElo "2163"]
[PlyCount "80"]
[EventDate "2011.06.20"]
[EventType "swiss"]
[EventRounds "6"]
[EventCountry "ESP"]
[Source "lmi"]
[SourceDate "2011.06.20"]

1. e4 e6 2. d4 d5 3. Nc3 dxe4 4. Nxe4 Nd7 5. Nf3 Ngf6 6. Nxf6+ Nxf6 7. Ne5 a6
8. Be3 c5 9. dxc5 Qa5+ 10. c3 Bxc5 11. Nc4 Qc7 12. Bxc5 Qxc5 13. Ne3 O-O 14.
Be2 e5 15. O-O Be6 16. Qc2 Rac8 17. Rac1 Nd7 18. c4 f5 19. Rfd1 Nb6 20. Qb1 e4
21. b4 Qe5 22. c5 Na8 23. Rd6 Kh8 24. Nc4 Bxc4 25. Bxc4 Nc7 26. Rcd1 f4 27. Qb3
Rce8 28. Re1 Rf6 29. Rxf6 gxf6 30. a4 Rd8 31. Rd1 Rd4 32. Bf7 Kg7 33. Bh5 Ne6
34. Be2 e3 35. f3 Rd2 36. Kf1 Nd4 37. Qc4 Nxe2 38. Rxd2 exd2 39. Qxe2 Qa1+ 40.
Kf2 d1=N+ 0-1

[Event "4. Open Ciudad de Huesca"]
[Site "Huesca ESP"]
[Date "2011.07.04"]
[Round "3.3"]
[White "Garcia Estruch, Jorge"]
[Black "Gonzalez Gambau, Jorge"]
[Result "1/2-1/2"]
[WhiteElo "1977"]
[BlackElo "2069"]
[PlyCount "91"]
[EventDate "2011.06.20"]
[EventType "swiss"]
[EventRounds "6"]
[EventCountry "ESP"]
[Source "lmi"]
[SourceDate "2011.06.20"]

1. e4 c5 2. d4 cxd4 3. c3 dxc3 4. Nxc3 Nc6 5. Nf3 d6 6. Bc4 e6 7. Bf4 Be7 8.
Qe2 e5 9. Be3 Nf6 10. O-O O-O 11. Rad1 a6 12. a4 Bg4 13. h3 Bh5 14. g4 Bg6 15.
Bc5 Qc8 16. Bxd6 Nxg4 17. Bxe7 Nxe7 18. hxg4 Qxg4+ 19. Kh1 b5 20. axb5 axb5 21.
Bxb5 Bh5 22. Nh2 Qh4 23. f3 f5 24. exf5 Kh8 25. Bd7 Rad8 26. Qf2 Qh3 27. Rg1
Nxf5 28. Bxf5 Qxf5 29. Qg3 g6 30. Rge1 Rxd1 31. Rxd1 Bxf3+ 32. Nxf3 Qxf3+ 33.
Qxf3 Rxf3 34. Re1 Rf2 35. b4 Rb2 36. Nd5 Kg7 37. Rxe5 h5 38. Re7+ Kh6 39. Rb7
Kg5 40. b5 Kg4 41. b6 Kg3 42. Nc3 Rc2 43. Ne4+ Kf3 44. Rc7 Rb2 45. Ng5+ Kg4 46.
Nf7 1/2-1/2

[Event "4. Open Ciudad de Huesca"]
[Site "Huesca ESP"]
[Date "2011.07.04"]
[Round "3.4"]
[White "Cobo Garrido, Diego Israel"]
[Black "Avellanas Tomas, Jose"]
[Result "1/2-1/2"]
[WhiteElo "2043"]
[BlackElo "1887"]
[PlyCount "105"]
[EventDate "2011.06.20"]
[EventType "swiss"]
[EventRounds "6"]
[EventCountry "ESP"]
[Source "lmi"]
[SourceDate "2011.06.20"]

1. e4 c5 2. c3 d5 3. exd5 Qxd5 4. d4 e6 5. Nf3 Nf6 6. Be2 Nc6 7. O-O Be7 8. Be3
cxd4 9. cxd4 O-O 10. Nc3 Qa5 11. Qb3 Bd7 12. Bf4 a6 13. Qxb7 Nb4 14. Be5 Nbd5
15. Nxd5 Qxd5 16. Qxd5 Nxd5 17. Rfc1 f6 18. Bg3 Bb5 19. Bd1 a5 20. Nd2 Rac8 21.
Bf3 Rxc1+ 22. Rxc1 Rd8 23. Nb3 a4 24. Nc5 Rc8 25. h3 Kf7 26. b3 axb3 27. Nxb3
Rxc1+ 28. Nxc1 Nc3 29. Bf4 Bc4 30. Nb3 Nxa2 31. Nd2 Bd5 32. Ne4 Bxe4 33. Bxe4
f5 34. Bf3 Nc3 35. g4 fxg4 36. hxg4 Bf6 37. Be3 g6 38. Kg2 Ke7 39. Bc6 Kd6 40.
Be8 Ne2 41. Kf3 Nxd4+ 42. Bxd4 Bxd4 43. Bf7 Ke5 44. Kg3 Kf6 45. Be8 Bc5 46. f4
g5 47. fxg5+ Kxg5 48. Bc6 Kf6 49. Kf3 Ke5 50. Bd7 h6 51. Bc8 Bb6 52. Bb7 Kd4
53. Be4 1/2-1/2

[Event "4. Open Ciudad de Huesca"]
[Site "Huesca ESP"]
[Date "2011.07.04"]
[Round "3.5"]
[White "Vidaller De Pedro, Leon"]
[Black "Accattato Martin, Mario"]
[Result "0-1"]
[WhiteElo "1635"]
[BlackElo "2193"]
[PlyCount "46"]
[EventDate "2011.06.20"]
[EventType "swiss"]
[EventRounds "6"]
[EventCountry "ESP"]
[Source "lmi"]
[SourceDate "2011.06.20"]

1. d4 d6 2. e4 Nf6 3. f3 e5 4. dxe5 dxe5 5. Qxd8+ Kxd8 6. Bc4 Be6 7. Bxe6 fxe6
8. Nc3 a6 9. Be3 Bd6 10. O-O-O Ke7 11. Nge2 Nbd7 12. Kb1 b5 13. Nc1 Rhb8 14.
Rd2 a5 15. a4 c6 16. Rhd1 Bb4 17. Bg5 Nc5 18. N1a2 bxa4 19. Bxf6+ gxf6 20. Nxa4
Nxa4 21. Rd7+ Ke8 22. Nxb4 axb4 23. Rxh7 Nc3+ 0-1

[Event "4. Open Ciudad de Huesca"]
[Site "Huesca ESP"]
[Date "2011.07.04"]
[Round "3.6"]
[White "Perez Puyal, Jose Joaquin"]
[Black "Carrasquer Alonso, Fernando"]
[Result "1-0"]
[WhiteElo "1974"]
[BlackElo "1605"]
[PlyCount "79"]
[EventDate "2011.06.20"]
[EventType "swiss"]
[EventRounds "6"]
[EventCountry "ESP"]
[Source "lmi"]
[SourceDate "2011.06.20"]

1. d4 d5 2. Nf3 Nf6 3. e3 c6 4. Bd3 g6 5. Nbd2 Bg7 6. b3 O-O 7. Bb2 Re8 8. O-O
Bg4 9. h3 Bxf3 10. Nxf3 Nfd7 11. c4 e5 12. dxe5 Nxe5 13. Nxe5 Bxe5 14. Bxe5
Rxe5 15. Be2 Nd7 16. Qc2 dxc4 17. Qxc4 Nb6 18. Qf4 Rd5 19. Rfd1 Qe7 20. Bf3
Rxd1+ 21. Rxd1 Rd8 22. Rd4 Rxd4 23. Qxd4 Qd7 24. Qe5 a6 25. Bg4 f5 26. Bf3 Nc8
27. a4 Nd6 28. Be2 Nf7 29. Qc3 Qc7 30. a5 Qe5 31. Qb4 Qc7 32. Bc4 Kg7 33. h4
Ne5 34. Qc3 Kh6 35. Be2 Qe7 36. Qd4 Nd7 37. Qf4+ Kg7 38. Qc7 Kf7 39. Qxb7 Nc5
40. Qxc6 1-0

[Event "4. Open Ciudad de Huesca"]
[Site "Huesca ESP"]
[Date "2011.09.05"]
[Round "4.1"]
[White "Lana Rodriguez, David"]
[Black "Roche Simon, Manuel A"]
[Result "1/2-1/2"]
[WhiteElo "2218"]
[BlackElo "2163"]
[PlyCount "164"]
[EventDate "2011.06.20"]
[EventType "swiss"]
[EventRounds "6"]
[EventCountry "ESP"]
[Source "lmi"]
[SourceDate "2011.06.20"]

1. e4 e6 2. d4 d5 3. Nc3 Nf6 4. Bg5 Be7 5. e5 Nfd7 6. h4 c5 7. Nb5 f6 8. exf6
Nxf6 9. dxc5 O-O 10. Nf3 a6 11. Nbd4 Qa5+ 12. c3 Qxc5 13. Bd3 h6 14. Ne5 Nc6
15. Ndxc6 bxc6 16. Be3 Qd6 17. Ng6 Rf7 18. Bf4 Qc5 19. Qe2 Bd6 20. Be3 Qa5 21.
g4 e5 22. g5 Ng4 23. gxh6 e4 24. Bc2 gxh6 25. O-O-O Bc5 26. Rdf1 Kh7 27. h5 Qb6
28. Bxc5 Qxc5 29. f3 Qe3+ 30. Kd1 Rxf3 31. Rxf3 exf3 32. Nh4+ Kh8 33. Qxe3
Nxe3+ 34. Kd2 Nxc2 35. Kxc2 Bg4 36. Ng6+ Kh7 37. Ne5 Bf5+ 38. Kd2 Re8 39. Nxf3
Bg4 40. Nd4 c5 41. Nb3 c4 42. Nd4 Re5 43. Rf1 Kg7 44. Rg1 Rg5 45. Ke3 Kf6 46.
Rf1+ Ke7 47. Kf4 Bd7 48. Rh1 Kf6 49. Nf3 Rf5+ 50. Kg3 Be8 51. Kg4 a5 52. Rh2 a4
53. Rh1 Bd7 54. Kg3 Ke7 55. Rh4 Kd6 56. Rh2 a3 57. bxa3 Rf8 58. Rb2 Ra8 59.
Rb6+ Kc7 60. Rxh6 Rxa3 61. Ne5 Rxc3+ 62. Kf4 Ba4 63. Ra6 Bc2 64. h6 Rh3 65.
Rc6+ Kb7 66. Rd6 Rh4+ 67. Kg5 Rd4 68. Ng6 Bxg6 69. Kxg6 c3 70. h7 Rh4 71. Rxd5
Rh3 72. Rc5 Rg3+ 73. Kf7 Rf3+ 74. Kg8 Rg3+ 75. Kh8 Kb6 76. Rc8 Kb5 77. Rg8 Rh3
78. Rg5+ Kb4 79. Kg7 c2 80. Rg1 Ka3 81. h8=Q Rxh8 82. Kxh8 Kxa2 1/2-1/2

[Event "4. Open Ciudad de Huesca"]
[Site "Huesca ESP"]
[Date "2011.09.05"]
[Round "4.2"]
[White "Salamero Pelay, Fernando J"]
[Black "Garcia Estruch, Jorge"]
[Result "1-0"]
[WhiteElo "2134"]
[BlackElo "1977"]
[PlyCount "47"]
[EventDate "2011.06.20"]
[EventType "swiss"]
[EventRounds "6"]
[EventCountry "ESP"]
[Source "lmi"]
[SourceDate "2011.06.20"]

1. e4 e5 2. Nf3 Nc6 3. Bb5 a6 4. Ba4 Nf6 5. O-O b5 6. Bb3 Be7 7. Qe2 O-O 8. c3
d6 9. Rd1 Na5 10. Bc2 c5 11. d3 Bb7 12. Nbd2 Qc7 13. Nf1 Rfe8 14. Ng3 g6 15. h3
Rad8 16. Bh6 d5 17. Ng5 Nc6 18. a4 b4 19. Qf3 Qd6 20. a5 Qc7 21. exd5 Nxa5 22.
N3e4 b3 23. Nxf6+ Bxf6 24. Qxf6 1-0

[Event "4. Open Ciudad de Huesca"]
[Site "Huesca ESP"]
[Date "2011.09.05"]
[Round "4.3"]
[White "Gonzalez Gambau, Jorge"]
[Black "Horton, Justin"]
[Result "1/2-1/2"]
[WhiteElo "2069"]
[BlackElo "2106"]
[PlyCount "32"]
[EventDate "2011.06.20"]
[EventType "swiss"]
[EventRounds "6"]
[EventCountry "ESP"]
[Source "lmi"]
[SourceDate "2011.06.20"]

1. e4 e5 2. Nf3 Nc6 3. d4 exd4 4. Bc4 Nf6 5. O-O Nxe4 6. Re1 d5 7. Bxd5 Qxd5 8.
Nc3 Qh5 9. Nxe4 Be6 10. Bg5 Bd6 11. c4 Bb4 12. Nxd4 Qxd1 13. Rexd1 Nxd4 14.
Rxd4 Be7 15. Bxe7 Kxe7 16. Nc5 Rad8 1/2-1/2